000 01221nam a22002057a 4500
999 _c181964
_d181964
005 20211215140806.0
010 _aENG-130034-130039
020 _a9788193531839
_c9000.00( vol.6)
035 _a EN-113566 -113571
037 _bDBAD/PUB
082 _a240
100 _aPanditaratna A. Shanthirajashastry
245 _aJain Mahapurana of Bhagavajjinasena-Gunabhadracharya:
_cby Panditaratna A. Shanthirajashastry ;translated by K.E.Radhakrishna
260 _bMotilal Banarsidass
_aIndia
_c2020
270 _bNew Delhi
_e110028
_aA-44,Naraina Industrial Area,Phase-1
_k25792734
_l25797221
_mmlbd@mlbd.in
300 _axlviii,701p.(vol-1) xxxii,786p. (vol-2) xxxii,748p. (vol-3) xxxii,717p.(vol-4)xxxii,729p. (vol-5) xvi,768p.(vol-6)
_c25cm(hbk)
_bvol.1-6
500 _avol.1(Purvapurana-13 Parvas (parva1 to 13) vol.2(Purvapurana-14 Parvas (parva14 to 27) vol.3 (Purvapurana-15 Parvas (parva28 to 42) vol.4 (Purvapurana-16 Parvas (parva43 to 59) vol.5(Uttarapurana-11 Parvas (parva 60 to 70) vol.6(Uttarapurana-7 Parvas (parva71 to 77)
700 _a.Radhakrishna, K.E
942 _2ddc
_cEN
_h240
_mPAN